LDR 00851naa#a2200181#i#450# 001 EN\\bibl\121344 005 20260514020719.4 011 ## _a1994-4683 100 ## _a20230803b2023####ek#y0engy0150####ca 102 ## _aRU 200 1# _aAPPROBATION OF CHANGES IN THE WORK PROGRAM OF THE DISCIPLINE "HISTORY OF PHYSICAL EDUCATION AND SPORT" FOR THE DIRECTION OF PREPARATION 49.03.01 "PHYSICAL CULTURE" PROFILE "PHYSICAL EDUCATION" _eJournal article 210 1# _aMoscow _cNational State University of Physical Education, Sports and Health named after P.F. Lesgaft _d2023 215 ## _a7 с. 608 ## _aJournal article _2local 675 ## _aЛюбительский спорт. Спортсмены-любители, игроки-любители. Кадры любительского спорта. 796.077 _z 700 #1 _a _g 700 #1 _a _g 856 4# _auchzapiski.lesgaft.spb.ru _u